Normal view
MARC view
- Physical fitness -- Evaluation -- Statistics
Entry Topical Term
001 - CONTROL NUMBER
- control field: 33426
003 - CONTROL NUMBER IDENTIFIER
- control field: OSt
005 - DATE AND TIME OF LATEST TRANSACTION
- control field: 20181219114953.0
008 - FIXED-LENGTH DATA ELEMENTS
- fixed length control field: 181219|| aca||aabn | a|a d
040 ## - CATALOGING SOURCE
- Original cataloging agency: OSt
- Transcribing agency: OSt
150 ## - HEADING--TOPICAL TERM
- Topical term or geographic name entry element: Physical fitness -- Evaluation -- Statistics
670 ## - SOURCE DATA FOUND
- Source citation: Work cat.: (OSt): Lacy, Alan C. 33424, Measurement and evaluation in physical education and exercise science /, ©2018.
